[Event "Julfa Salvation Day"]
[Site "Julfa"]
[Date "2016.06.15"]
[Round "2"]
[White "Timofeev, Sergey"]
[Black "Sevdimaliyev, Urfan"]
[Result "1-0"]
[WhiteElo "2249"]
[BlackElo "2390"]
[PlyCount "87"]
[EventDate "2016.06.14"]
[EventType "tourn"]
[EventRounds "9"]
[EventCountry "AZE"]
[EventCategory "6"]
[SourceTitle "EXT 2017"]
[Source "ChessBase"]
[SourceDate "2016.10.25"]
[SourceVersion "1"]
[SourceVersionDate "2016.10.25"]
[SourceQuality "1"]

1. e4 c5 2. Nf3 d6 3. d4 cxd4 4. Nxd4 Nf6 5. Nc3 a6 6. f4 e6 7. Qf3 Qc7 8. g4 Nc6 9. Nb3 b5 10. g5 Nd7 11. Be3 Be7 12. 0-0-0 Bb7 13. Kb1 b4 14. Na4 Rc8 15. Bd3 Na5 16. Nb6 Nxb6 17. Nxa5 Ba8 18. h4 d5 19. f5 dxe4 20. Bxe4 Bxe4 21. Qxe4 exf5 22. Qxf5 0-0 23. h5 Rce8 24. Bd4 Nc8 25. g6 h6 26. Rhf1 f6 27. Qe6+ Kh8 28. Qxa6 Nd6 29. Nc6 Ne4 30. Qb6 Qc8 31. Nxe7 Rxe7 32. Qxb4 Rb7 33. Qa3 Re8 34. Qf3 Ng5 35. Qf5 Qc4 36. b3 Qc6 37. Bb2 Ne4 38. Rf3 Rbe7 39. a4 Re6 40. Rfd3 Nd6 41. Qd5 Qb6 42. Ka2 Ne4 43. Rd4 Rd6 44. Rxe4 1-0

[Event "Tula Rjazanov Memorial"]
[Site "Tula"]
[Date "2016.02.10"]
[Round "5"]
[White "Zaitsev, Alexander"]
[Black "Timofeev, Sergey"]
[Result "1-0"]
[WhiteElo "2495"]
[BlackElo "2255"]
[PlyCount "67"]
[EventDate "2016.02.05"]
[EventType "swiss"]
[EventRounds "9"]
[EventCountry "RUS"]
[SourceTitle "CBM 171 Extra"]
[Source "ChessBase"]
[SourceDate "2016.04.26"]
[SourceVersion "1"]
[SourceVersionDate "2016.04.26"]
[SourceQuality "1"]

1. e4 d6 2. d4 Nf6 3. Nc3 g6 4. f4 Bg7 5. Nf3 0-0 6. Bd3 Nc6 7. e5 Ng4 8. h3 Nh6 9. Be3 dxe5 10. fxe5 Nf5 11. Bxf5 Bxf5 12. g4 Bc8 13. Qd2 Nb4 14. 0-0-0 Nd5 15. Ne4 Nxe3 16. Qxe3 Qd5 17. Kb1 b6 18. Nc3 Qa5 19. d5 Bb7 20. Rd2 Rad8 21. Rhd1 f5 22. Nd4 f4 23. Qe2 Bh6 24. Qf2 f3 25. Rd3 Rxd5 26. Nxd5 Bxd5 27. Nb3 Bxb3 28. axb3 Qxe5 29. Rxf3 Rxf3 30. Qxf3 Kg7 31. h4 Bf4 32. Rf1 g5 33. hxg5 Bxg5 34. Qf7+ 1-0

[Event "Tula Rjazanov Memorial"]
[Site "Tula"]
[Date "2016.02.09"]
[Round "4"]
[White "Moiseev, Alexander"]
[Black "Timofeev, Sergey"]
[Result "0-1"]
[WhiteElo "2088"]
[BlackElo "2255"]
[PlyCount "108"]
[EventDate "2016.02.05"]
[EventType "swiss"]
[EventRounds "9"]
[EventCountry "RUS"]
[SourceTitle "CBM 171 Extra"]
[Source "ChessBase"]
[SourceDate "2016.04.26"]
[SourceVersion "1"]
[SourceVersionDate "2016.04.26"]
[SourceQuality "1"]

1. g3 Nf6 2. Bg2 g6 3. e4 d6 4. d4 Bg7 5. Ne2 0-0 6. Nbc3 c5 7. h3 Nbd7 8. Be3 cxd4 9. Bxd4 a6 10. 0-0 Rb8 11. g4 h6 12. Ng3 e5 13. Be3 Qc7 14. Qd2 Kh7 15. Rfd1 Ne8 16. Nd5 Qd8 17. c3 Ndf6 18. f4 Nxd5 19. exd5 exf4 20. Bxf4 Bd7 21. Rf1 Nf6 22. Rae1 Bb5 23. Rf2 Qb6 24. Be3 Qd8 25. Bd4 Nd7 26. Bxg7 Kxg7 27. Qd4+ Ne5 28. Ne4 f6 29. a4 Bd3 30. b3 Qc7 31. Bf1 Bxe4 32. Rxe4 Rbe8 33. c4 b6 34. Ref4 Qc5 35. Qc3 Nd7 36. R4f3 a5 37. Kg2 Re7 38. Bd3 Ne5 39. Rf4 Qe3 40. Re4 Qg5 41. Kh2 h5 42. gxh5 f5 43. Ref4 Qxh5 44. Rg2 Kf7 45. Be2 Qh6 46. Qd4 Rh8 47. Rg3 Nd7 48. Re3 Rhe8 49. Rxe7+ Rxe7 50. Bf3 Nc5 51. Bd1 Nd3 52. Rf1 Qd2+ 53. Kg1 Re1 54. Bf3 Qg5+ 0-1

[Event "Tula Rjazanov Memorial"]
[Site "Tula"]
[Date "2016.02.08"]
[Round "3"]
[White "Timofeev, Sergey"]
[Black "Orlov, Valery"]
[Result "1-0"]
[WhiteElo "2255"]
[BlackElo "2034"]
[PlyCount "49"]
[EventDate "2016.02.05"]
[EventType "swiss"]
[EventRounds "9"]
[EventCountry "RUS"]
[SourceTitle "CBM 171 Extra"]
[Source "ChessBase"]
[SourceDate "2016.04.26"]
[SourceVersion "1"]
[SourceVersionDate "2016.04.26"]
[SourceQuality "1"]

1. d4 Nf6 2. c4 e6 3. Nf3 b6 4. Nc3 Bb7 5. a3 d5 6. Bg5 Be7 7. e3 0-0 8. Bd3 Nbd7 9. 0-0 h6 10. Bh4 c5 11. Qe2 dxc4 12. Bxc4 a6 13. Rfd1 Ne4 14. Bxe7 Qxe7 15. Nxe4 Bxe4 16. Bxa6 Bxf3 17. gxf3 cxd4 18. Rxd4 Nc5 19. Bc4 e5 20. Rd5 Rfd8 21. Rad1 Rxd5 22. Bxd5 Rc8 23. Qc4 Kf8 24. b4 b5 25. Qc2 1-0

[Event "Kimry op"]
[Site "Kimry"]
[Date "2003.??.??"]
[Round "4"]
[White "Asrian, Armen"]
[Black "Timofeev, Sergey"]
[Result "0-1"]
[WhiteElo "2205"]
[BlackElo "2401"]
[PlyCount "64"]
[EventDate "2003.??.??"]
[EventType "swiss"]
[EventRounds "9"]
[EventCountry "RUS"]
[SourceTitle "EXT 2006"]
[Source "ChessBase"]
[SourceDate "2005.11.24"]
[SourceVersion "1"]
[SourceVersionDate "2005.11.24"]
[SourceQuality "1"]

1. e4 c5 2. Nf3 d6 3. d4 cxd4 4. Nxd4 Nf6 5. Nc3 a6 6. Be3 Ng4 7. Bg5 h6 8. Bh4 Nc6 9. Nb3 g5 10. Bg3 Bg7 11. Qd2 Nge5 12. f3 Be6 13. Nd5 b5 14. Bf2 Rb8 15. c3 Nc4 16. Bxc4 bxc4 17. Nd4 Ne5 18. Nb4 Qc8 19. 0-0 a5 20. Nd5 Nd3 21. Rab1 Bd7 22. b3 e6 23. bxc4 Nxf2 24. Nb6 Qc5 25. Nxd7 Kxd7 26. Rxb8 Rxb8 27. Qxf2 Qxc4 28. Qd2 Be5 29. g3 Rc8 30. f4 gxf4 31. gxf4 Bf6 32. e5 Rg8+ 0-1

[Event "Kimry op"]
[Site "Kimry"]
[Date "2003.??.??"]
[Round "9"]
[White "Timofeev, Sergey"]
[Black "Gorshkov, Yuri"]
[Result "1-0"]
[WhiteElo "2401"]
[BlackElo "2377"]
[PlyCount "65"]
[EventDate "2003.??.??"]
[EventType "swiss"]
[EventRounds "9"]
[EventCountry "RUS"]
[SourceTitle "EXT 2006"]
[Source "ChessBase"]
[SourceDate "2005.11.24"]
[SourceVersion "1"]
[SourceVersionDate "2005.11.24"]
[SourceQuality "1"]

1. e4 c5 2. Nf3 Nc6 3. g3 g6 4. Bg2 Bg7 5. 0-0 d6 6. Re1 e5 7. d3 Nge7 8. Be3 0-0 9. Qc1 b5 10. Nc3 b4 11. Ne2 a5 12. c3 Ba6 13. Qd2 a4 14. d4 exd4 15. cxd4 Na5 16. Bh6 Nc4 17. Qc1 Qb6 18. Bxg7 Kxg7 19. b3 axb3 20. axb3 Na3 21. Nf4 cxd4 22. Qd2 Rfc8 23. Nxd4 Bb7 24. Rac1 h6 25. Qb2 Kh7 26. Nde6 fxe6 27. Qf6 Rg8 28. Qxe7+ Rg7 29. Qxe6 Nb5 30. h4 Nd4 31. Qf6 Re8 32. Rcd1 Re5 33. Rxd4 1-0

[Event "Tula Suetin Memorial op"]
[Site "Tula"]
[Date "2002.03.30"]
[Round "8"]
[White "Simantsev, Mikhail"]
[Black "Timofeev, Sergey"]
[Result "1-0"]
[WhiteElo "2383"]
[BlackElo "2244"]
[PlyCount "47"]
[EventDate "2002.03.23"]
[EventType "swiss"]
[EventRounds "9"]
[EventCountry "RUS"]
[SourceTitle "CBM 087 Extra"]
[Source "ChessBase"]
[SourceDate "2002.05.03"]
[SourceVersion "2"]
[SourceVersionDate "2002.08.09"]
[SourceQuality "1"]

1. d4 Nf6 2. c4 g6 3. Nc3 Bg7 4. e4 d6 5. f4 c5 6. d5 0-0 7. Nf3 e6 8. Be2 exd5 9. cxd5 Re8 10. e5 dxe5 11. fxe5 Ng4 12. Bg5 Qa5 13. 0-0 Nxe5 14. d6 c4 15. Nd5 Na6 16. Kh1 Be6 17. Nf6+ Bxf6 18. Bxf6 Ng4 19. Bc3 Qc5 20. Qd2 Rad8 21. Ng5 Ne3 22. Ne4 Nxf1 23. Nf6+ Kh8 24. Qh6 1-0

[Event "Tula Suetin Memorial op"]
[Site "Tula"]
[Date "2002.03.25"]
[Round "3"]
[White "Timofeev, Sergey"]
[Black "Kalichkin, Igor"]
[Result "1/2-1/2"]
[WhiteElo "2244"]
[BlackElo "2268"]
[PlyCount "51"]
[EventDate "2002.03.23"]
[EventType "swiss"]
[EventRounds "9"]
[EventCountry "RUS"]
[SourceTitle "CBM 087 Extra"]
[Source "ChessBase"]
[SourceDate "2002.05.03"]
[SourceVersion "2"]
[SourceVersionDate "2002.08.09"]
[SourceQuality "1"]

1. d4 Nf6 2. c4 g6 3. Nc3 d5 4. cxd5 Nxd5 5. e4 Nxc3 6. bxc3 Bg7 7. Bc4 0-0 8. Ne2 c5 9. 0-0 Nc6 10. Be3 cxd4 11. cxd4 Bg4 12. f3 Na5 13. Rc1 Nxc4 14. Rxc4 Bd7 15. Qb3 b5 16. Rc5 e6 17. Rfc1 Qa5 18. Qc2 Qa6 19. Rc7 Rfc8 20. Qd2 Rxc7 21. Rxc7 Be8 22. d5 Be5 23. Rc5 Bd6 24. Rc2 e5 25. f4 Qb7 26. Bc5 1/2-1/2

[Event "Tula Suetin Memorial op"]
[Site "Tula"]
[Date "2002.03.23"]
[Round "1"]
[White "Timofeev, Sergey"]
[Black "Kovalevskaya, Ekaterina"]
[Result "0-1"]
[WhiteElo "2244"]
[BlackElo "2462"]
[PlyCount "54"]
[EventDate "2002.03.23"]
[EventType "swiss"]
[EventRounds "9"]
[EventCountry "RUS"]
[SourceTitle "CBM 087 Extra"]
[Source "ChessBase"]
[SourceDate "2002.05.03"]
[SourceVersion "2"]
[SourceVersionDate "2002.08.09"]
[SourceQuality "1"]

1. d4 Nf6 2. c4 d6 3. Nc3 Nbd7 4. e4 e5 5. Nf3 g6 6. Be2 Bg7 7. Be3 0-0 8. 0-0 c6 9. Qd2 Ng4 10. Bg5 f6 11. Bh4 Nh6 12. b4 g5 13. Nxg5 exd4 14. Ne6 dxc3 15. Qxd6 Qe8 16. Nxf8 Qxf8 17. Qxf8+ Nxf8 18. f4 a5 19. b5 cxb5 20. cxb5 Bg4 21. Bxg4 Nxg4 22. h3 Ne3 23. Rf3 Nc2 24. Rd1 Re8 25. Kf1 Nb4 26. Rf2 c2 27. Rc1 Ne6 0-1

[Event "Tula Club-ch op"]
[Site "Tula"]
[Date "2000.??.??"]
[Round "3"]
[White "Shestakov, Sergei S"]
[Black "Timofeev, Sergey"]
[Result "1-0"]
[WhiteElo "2325"]
[BlackElo "2295"]
[PlyCount "60"]
[EventDate "2000.??.??"]
[EventType "swiss"]
[EventRounds "9"]
[EventCountry "RUS"]
[SourceTitle "EXT 2002"]
[Source "ChessBase"]
[SourceDate "2001.11.25"]
[SourceVersion "1"]
[SourceVersionDate "2001.11.25"]
[SourceQuality "1"]

1. Nf3 Nf6 2. c4 g6 3. g3 Bg7 4. Bg2 d6 5. d4 0-0 6. 0-0 c5 7. Nc3 Nc6 8. dxc5 dxc5 9. Be3 Be6 10. Qa4 Qb6 11. Qb5 Nd7 12. Rfd1 a6 13. Qb3 Qb4 14. Nd5 Qxb3 15. axb3 Rac8 16. Rd2 Rfe8 17. Nc3 Red8 18. Ne4 b6 19. Nc3 Na5 20. Ra3 Nf6 21. Rxd8+ Rxd8 22. h3 Bc8 23. Ne5 Kf8 24. Nd3 Nd7 25. Nd5 Nc6 26. Nxb6 Nb4 27. Nxd7+ Rxd7 28. Nxc5 Rd1+ 29. Kh2 Nc2 30. Ra4 Bxb2 1-0

[Event "RUS-Cup"]
[Site "Tula "]
[Date "1999.??.??"]
[Round "9"]
[White "Gumirov, Konstantin L"]
[Black "Timofeev, Sergey"]
[Result "1/2-1/2"]
[WhiteElo "2177"]
[BlackElo "2253"]
[PlyCount "83"]
[EventDate "1999.??.??"]
[EventType "swiss"]
[EventRounds "9"]
[EventCountry "RUS"]
[SourceTitle "EXT 2000"]
[Source "ChessBase"]
[SourceDate "1999.11.16"]
[SourceVersion "1"]
[SourceVersionDate "1999.11.16"]
[SourceQuality "1"]

1. e4 d6 2. f4 Nf6 3. Nc3 g6 4. d4 Bg7 5. e5 dxe5 6. dxe5 Qxd1+ 7. Kxd1 Ng4 8. Nd5 Kd8 9. Ke1 c6 10. Ne3 f6 11. Nf3 Nxe3 12. Bxe3 Bg4 13. exf6 exf6 14. Kf2 Be6 15. Nd4 Bf7 16. f5 Nd7 17. Rd1 Re8 18. Be2 Ke7 19. h4 Ne5 20. g4 Bd5 21. Rhg1 Kf7 22. b3 Rg8 23. c4 Be4 24. h5 Bf8 25. g5 Bxf5 26. gxf6 Kxf6 27. Bg5+ Kf7 28. Nxf5 gxf5 29. Be3 Rxg1 30. Rxg1 a6 31. h6 Rd8 32. Rg5 Ke6 33. Rg8 Nf7 34. Bh5 Nxh6 35. Rh8 Ng4+ 36. Bxg4 fxg4 37. Rxh7 Be7 38. Rg7 Rd1 39. Rxg4 Ra1 40. Re4+ Kd7 41. Rd4+ Ke6 42. Rd2 1/2-1/2